000 00794nam a2200181 i 4500
001 81106
003 ES-MaACL
005 20230906174354.0
007 t|
008 041103s1946 sp af |||| | spa d
100 1 _aHoyos Cascón, María Concepción.
_9156682
245 1 0 _aNuevo tratado de corte y confección
_b: sistema Hoyos expuesto a medidas directas : contiene las reglas necesarias para cortar y confeccionar toda clase de prendas de vestir y ropa blanca, para señora, caballero y niños : trajes regionales y de época : ilustraciones en grabados /
_cpor Mª Concepción Hoyos Cascón.
250 _a3ª ed.
260 _aMadrid :
_b[s.n.],
_c1946 (
_fVersal)
300 _a178 p., 8 lám. :
_bil. ;
_c27 cm.
650 4 _aCorte y confección.
_9139229
852 _aES-MaACL
_jD-7082
999 _c81106
_d81106